000 00379nam a2200169Ia 4500
008 210210b1947 xxu||||| |||| 00| 0 eng d
041 _aeng
082 _a825/209
100 _aCOOPER (L)
245 _aRobert Louis Stevenson
260 _aLondon
_b-
_c1947
650 _aStevenson
650 _aRobert
650 _aLouis
690 _aEnglish Criticism
906 _a014526
999 _c133717
_d133717